000 00321nam a2200133Ia 4500
005 20251222155110.0
008 251222s9999||||xx |||||||||||||| ||spa||
082 _aEMI. 13
100 _aREEDER, Sharon
245 0 _aEnfermería Materno Infantil 2da. Edición
250 _a1ra. ed.
264 _bOPS/OMS
942 _cLIB
999 _c38012
_d38012